Perdjuangan dan adjaran hidup Ki Hadjar Dewantara. (Record no. 64751)

MARC details
000 -LEADER
fixed length control field 00592cam a22002171 4500
001 - CONTROL NUMBER
control field sa 65006623
003 - CONTROL NUMBER IDENTIFIER
control field DLC
005 - DATE AND TIME OF LATEST TRANSACTION
control field 20260227112143.0
008 - FIXED-LENGTH DATA ELEMENTS--GENERAL INFORMATION
fixed length control field 850918s1963 io 000 0 ind
010 ## - LIBRARY OF CONGRESS CONTROL NUMBER
LC control number sa 65006623
025 ## - OVERSEAS ACQUISITION NUMBER
Overseas acquisition number PL480:Indo-1477
035 ## - SYSTEM CONTROL NUMBER
System control number (OCoLC)12572301
040 ## - CATALOGING SOURCE
Original cataloging agency DLC
Transcribing agency KyU
Modifying agency KyU
-- DLC
042 ## - AUTHENTICATION CODE
Authentication code premarc
050 00 - LIBRARY OF CONGRESS CALL NUMBER
Classification number LA2385.D4
Item number T3
100 1# - MAIN ENTRY--PERSONAL NAME
Personal name Tauchid, Mochammad.
245 10 - TITLE STATEMENT
Title Perdjuangan dan adjaran hidup Ki Hadjar Dewantara.
260 ## - PUBLICATION, DISTRIBUTION, ETC.
Place of publication, distribution, etc. Jogjakarta,
Name of publisher, distributor, etc. Madjelis Luhur Taman Siswa,
Date of publication, distribution, etc. 1963.
300 ## - PHYSICAL DESCRIPTION
Extent 68 p.
Dimensions 22 cm.
600 10 - SUBJECT ADDED ENTRY--PERSONAL NAME
Personal name Dewantara, Hadjar.

No items available.

Powered by Koha